[Event "Berlin-ch U18"]
[Site "Berlin"]
[Date "2006.01.29"]
[Round "1.10"]
[White "Krieger, Sebastian"]
[Black "Hummel, Helmut"]
[Result "0-1"]
[WhiteElo "978"]
[BlackElo "1634"]
[PlyCount "105"]
[EventDate "2006.01.29"]
[EventType "swiss"]
[EventRounds "7"]
[EventCountry "GER"]
[SourceTitle "EXT 2022"]
[Source "ChessBase"]
[SourceDate "2021.10.06"]
[SourceVersion "1"]
[SourceVersionDate "2021.10.06"]
[SourceQuality "1"]

1. e4 e5 2. Nf3 Nc6 3. Bc4 Bc5 4. d3 d6 5. Ng5 Nh6 6. Qf3 Nd4 7. Qd1 Bg4 8. f3 Bd7 9. c3 Nc6 10. f4 Bg4 11. Qd2 Bd7 12. h3 Na5 13. Bd5 c6 14. b4 cxd5 15. bxc5 dxe4 16. cxd6 f6 17. Nxe4 Nf7 18. fxe5 Nxe5 19. c4 0-0 20. c5 f5 21. Ng5 h6 22. Nf3 Nxf3+ 23. gxf3 Qh4+ 24. Qf2 Rfe8+ 25. Kf1 Qxf2+ 26. Kxf2 Bb5 27. d4 Re2+ 28. Kg3 g5 29. Nc3 f4+ 30. Kg4 Rg2+ 31. Kh5 Be8+ 32. Kxh6 Kf7 33. Ne4 Bd7 34. Nxg5+ Kf6 35. Bxf4 Rh8+ 36. Nh7+ Kf5 37. Rhg1 Rxg1 38. Rxg1 Kxf4 39. Rg7 Bxh3 40. Kg6 Bf5+ 41. Kf6 Bxh7 42. d7 Bf5 43. d5 Rd8 44. Rf7 Rxd7 45. Rxd7 Bxd7 46. Ke7 Ba4 47. d6 Kxf3 48. d7 Ke4 49. Kd6 Bxd7 50. Kxd7 Kd5 51. Kc8 Kxc5 52. a4 a6 53. Kb8 0-1